000 00532nam a2200169Ia 4500
003 GCL
008 140319s9999 xx 000 0 ara d
040 _aGCL /
_cGCL
082 0 4 _a417
_bا ا
100 1 _aاحمد علم الدين الجندى
245 1 0 _aاللهجات العربية فى التراث /
_cاحمد علم الدين الجندى
260 _a[S.N] :
_bالدار العربية للكتاب ،
_c1983
490 _a
650 0 4 _aاللغة العربية
650 0 4 _aاللهجات
942 _2ddc
_cBK
999 _c55349
_d55349